000 00316nam a22001337a 4500
008 171003b xxu||||| |||| 00| 0 eng d
020 _a0135860814
041 _aeng
080 _a159.9
100 _a48
101 _aPSI
245 _aMODELS OF GROUP THERAPY & SENSITIVITY TRAINING
_cSHAFFER,J,B
942 _2udc
_cBK
999 _c31471
_d31471